Código Civil y Comercial de la Nación Tomo XII-B : comentado. actualización doctrinal y jurisprudencial /
Guardado en:
| Otros Autores: | , |
|---|---|
| Formato: | Libro |
| Idioma: | Spanish |
| Publicado: |
Santa Fe :
Rubinzal - Culzoni,
2018.
|
| Edición: | 1a. ed. rev. |
| Materias: | |
| Etiquetas: |
Agregar Etiqueta
Sin Etiquetas, Sea el primero en etiquetar este registro!
|
| LEADER | 00651nam a22001815a 4500 | ||
|---|---|---|---|
| 001 | DER.der015082 | ||
| 008 | 241218s2018####ag#####|###|#|######spa|| | ||
| 005 | 20241218105716.0 | ||
| 245 | 1 | 0 | |a Código Civil y Comercial de la Nación Tomo XII-B : |b comentado. |p actualización doctrinal y jurisprudencial / |c Ricardo Luis Lorenzetti. |
| 250 | |a 1a. ed. rev. | ||
| 260 | |a Santa Fe : |b Rubinzal - Culzoni, |c 2018. | ||
| 300 | |a 666 p. | ||
| 020 | |a 9789873012839 | ||
| 700 | 1 | |a Lorenzetti, Ricardo Luis, |e dir. | |
| 700 | 1 | |a Lorenzetti, Pablo, |e coord. | |
| 700 | 1 | |a Pontoriero, María Paula, |e coord. | |
| 650 | 7 | |a DERECHO CIVIL | |
| 859 | |a DERECHO |b BIB. DERECHO |h 346 |i LOR |p 008682 | ||
